Drevené konštrukcie v energeticky pasívnych domoch

Bibliographic Details
Main Authors: Štefko, Jozef, 1962- (Author), Soyka, Roman, 1959- (Author)
Format: Article
Language:Slovak
PhysicalDescription:Fotogr., obr., tab.
ISSN:1335-1230
Subjects:

MARC

LEADER 00000nab a2200000 a 4500
001 vtls009151474
003 SK-MaSNL
005 20260303122437.0
008 140328c2007 xo zr|p|||||||000 b|slo
015 |a SNBRB2007/10  |2 snkbucl 
038 |a SNKBUCL 
040 |a SNKBUCL  |b slo  |c SNKBUCL  |e AACR2 
041 0 |a slo 
044 |a xo  |c SK 
080 |a 624.011.1:721:697.11  |2 2001 
080 |a 721:697.11  |2 2001 
100 1 |a Štefko, Jozef,  |d 1962-  |4 aut  |9 224099 
245 1 0 |a Drevené konštrukcie v energeticky pasívnych domoch  |c Jozef Štefko, Roman Soyka 
300 |b Fotogr., obr., tab. 
504 |a Bibliogr. doakzy 
650 0 7 |a drevené konštrukcie  |x energeticky pasívne domy  |2 snkbucl  |9 1137036 
650 0 7 |a energeticky pasívne domy  |x drevené konštrukcie  |2 snkbucl  |9 1137037 
700 1 |a Soyka, Roman,  |d 1959-  |4 aut  |9 223204 
773 0 |t ASB  |g Roč. XIV, č. 9 (2007), s. 60-62  |x 1335-1230 
852 |a SNK  |b KIS3GCP 
999 |c 1921024  |d 1922954